Movies Quiz

Random Movies or Letter Quiz
Score 0/18 Timer 06:00
5 Plays Today
Movie % Correct
Jetsons: The Movie
89.2%
Jurassic World
71.2%
Jimmy Neutron: Boy Genius
67.7%
Jobs
59.6%
Jack and Jill
52.9%
John Wick
48.7%
Johnny English
44%
J. Edgar
42.9%
Jupiter Ascending
32.3%
Movie % Correct
Jeremiah Johnson
32.3%
Jacob's Ladder
30.8%
Junior
30.3%
Jesus Christ Superstar
29.6%
Josie and the Pussycats
29.6%
John Carter
29.4%
Jungle 2 Jungle
27.3%
John Tucker Must Die
20.2%
Jack Ryan: Shadow Recruit
13.7%
Remove Ads.
Support Sporcle.
Get the best of Sporcle when you Go Orange. This ad-free experience offers more features, more stats, and more fun while also helping to support Sporcle. Thank you for becoming a member.

You're not logged in!

Compare scores with friends on all Sporcle quizzes.
OR
Log In

Show Comments

Extras

Top Quizzes Today


Score Distribution

Your Account Isn't Verified!

In order to create a playlist on Sporcle, you need to verify the email address you used during registration. Go to your Sporcle Settings to finish the process.

Report this User

Report this user for behavior that violates our Community Guidelines.

Details: